Statistiques concernant Fronts Célèbres #1

Cliquez ici pour prendre le quiz!

Statistiques générales

  • Ce quiz a été pris 13 350 fois
  • Le résultat moyen est 12 sur 15

Statistiques - réponses

Réponse% Correct
Emmanuel Macron
100%
Reine Elisabeth II
99%
Albert Einstein
91%
Vladimir Poutine
90%
Michael Jackson
87%
Angela Merkel
86%
Charles de Gaulle
85%
Johnny Hallyday
84%
Louis de Funès
81%
Nelson Mandela
80%
Mao Zedong
68%
Abraham Lincoln
62%
Winston Churchill
53%
Mère Teresa
44%
Victor Hugo
44%

Distribution des résultats

Percentile par nombre de réponses

% des personnes avec chaque résultat

Votre développement - résultats

Vous n’avez pas pris ce quiz